News Editing (Record no. 3998)

000 -LEADER
fixed length control field 00507nam a22002057a 4500
003 - CONTROL NUMBER IDENTIFIER
control field Nust
005 - DATE AND TIME OF LATEST TRANSACTION
control field 20180521044318.0
008 - FIXED-LENGTH DATA ELEMENTS--GENERAL INFORMATION
fixed length control field 161206b xxu||||| |||| 00| 0 eng d
020 ## - INTERNATIONAL STANDARD BOOK NUMBER
International Standard Book Number 978-8184110999 (Hbk)
040 ## - CATALOGING SOURCE
Transcribing agency Nust
041 ## - LANGUAGE CODE
Language code of original eng
082 ## - DEWEY DECIMAL CLASSIFICATION NUMBER
Classification number 070.41
Author Mark DAS
100 ## - MAIN ENTRY--PERSONAL NAME
Personal name Dash, Ajay
9 (RLIN) 10318
245 ## - TITLE STATEMENT
Title News Editing
260 ## - PUBLICATION, DISTRIBUTION, ETC.
Place of publication, distribution, etc. New Delhi:
Name of publisher, distributor, etc. Sonali Publications,
Date of publication, distribution, etc. 2008
300 ## - PHYSICAL DESCRIPTION
Extent 297p.
504 ## - BIBLIOGRAPHY, ETC. NOTE
Bibliography, etc. note Includes bibliography
650 ## - SUBJECT ADDED ENTRY--TOPICAL TERM
Topical term or geographic name entry element News editing-Journalism
9 (RLIN) 10319
942 ## - ADDED ENTRY ELEMENTS (KOHA)
Source of classification or shelving scheme
Koha item type Book
Holdings
Withdrawn status Lost status Source of classification or shelving scheme Damaged status Not for loan Permanent Location Current Location Shelving location Date acquired Source of acquisition Total Checkouts Full call number Barcode Date last seen Date last checked out Copy number Price effective from Koha item type
          Central Library (CL) Central Library (CL) Book Cart 12/06/2016 Purchased 2 302.24 DAS CL2268 10/01/2020 10/01/2020 1 12/06/2016 Book
© 2023 Central Library, National University of Sciences and Technology. All Rights Reserved.